000 00457nam a2200157Ia 4500
008 240729s9999 xx 000 0 und d
022 _a1540-580X
245 4 _aThe Internet Journal of Allied Health Sciences & Practice
260 _aUnited States
260 _bNova Southeastern University
650 _a Medicine (General)
650 _aMedicine
856 _uhttps://doaj.org/toc/29c6da107fd344e7b781087057504c63
942 _2ddc
942 _cDOAJEJ
999 _c66450
_d66450
945 _a1
_bMadushi Gamage
_c1
_dMadushi Gamage